[Event "Prague Summer op-B 9th"]
[Site "Prague"]
[Date "2022.08.06"]
[Round "2"]
[White "Mikhno, Artem"]
[Black "Sterba, Erik"]
[Result "1/2-1/2"]
[WhiteElo "1535"]
[BlackElo "1815"]
[PlyCount "56"]
[EventDate "2022.08.05"]
[EventType "swiss"]
[EventRounds "9"]
[EventCountry "CZE"]
[SourceTitle "EXT 2023"]
[Source "ChessBase"]
[SourceDate "2022.10.05"]
[SourceVersion "1"]
[SourceVersionDate "2022.10.05"]
[SourceQuality "1"]

1. d4 Nf6 2. c4 e6 3. Nc3 Bb4 4. Qc2 d5 5. Bg5 c5 6. e3 Nc6 7. Nf3 cxd4 8. exd4 0-0 9. cxd5 exd5 10. Be2 Bg4 11. a3 Bxf3 12. gxf3 Nxd4 13. Qd1 Bxc3+ 14. bxc3 Nxe2 15. Kxe2 Qa5 16. Bxf6 Qa6+ 17. Qd3 Qxf6 18. Kf1 Rfd8 19. Rg1 Rac8 20. Rc1 d4 21. c4 b5 22. Rg4 bxc4 23. Rxc4 Rxc4 24. Qxc4 d3 25. Qc1 Qxf3 26. Qg5 Qe2+ 27. Kg2 Qxg4+ 28. Qxg4 d2 1/2-1/2